|
|
|
|
| LEADER |
00000naa2a2200000 4500 |
| 001 |
180880 |
| 005 |
20231031170915.0 |
| 035 |
|
|
|a (RuTPU)RU\TPU\book\196088
|
| 090 |
|
|
|a 180880
|
| 100 |
|
|
|a 20100527d2009 k y0rusy50 ca
|
| 101 |
0 |
|
|a rus
|
| 102 |
|
|
|a RU
|
| 200 |
1 |
|
|a Геохимия озёрных вод котловины Больших Озёр Монголии
|f М. Н. Колпакова
|g науч. рук. С. Л. Шварцев
|
| 320 |
|
|
|a Библиогр.: 6 назв.
|
| 463 |
|
0 |
|0 (RuTPU)RU\TPU\book\186895
|y 978-5-98298-569-9
|t Проблемы геологии и освоения недр
|o труды XIII Международного симпозиума имени академика М. А. Усова студентов и молодых ученых, посвященного 110-летию со дня рождения К. В. Радугина
|f Томский политехнический университет (ТПУ), Институт геологии и нефтегазового дела (ИГНД)
|v С. 236-239
|d 2009
|p 993 с.
|
| 610 |
1 |
|
|a Монголия
|
| 610 |
1 |
|
|a озёра
|
| 610 |
1 |
|
|a Большие Озёра
|
| 610 |
1 |
|
|a геохимия
|
| 610 |
1 |
|
|a соли
|
| 610 |
1 |
|
|a химический состав
|
| 610 |
1 |
|
|a океаническая вода
|
| 610 |
1 |
|
|a сгущение
|
| 610 |
1 |
|
|a труды учёных ТПУ
|
| 700 |
|
1 |
|a Колпакова
|b М. Н.
|c гидрогеолог
|c ассистент кафедры Томского политехнического университета
|f 1987-
|g Марина Николаевна
|2 stltpush
|3 (RuTPU)RU\TPU\pers\30421
|
| 702 |
|
1 |
|a Шварцев
|b С. Л.
|c российский гидрогеолог, доктор геолого-минералогических наук
|c профессор Томского политехнического университета, академик РАЕН
|f 1936-
|g Степан Львович
|2 stltpush
|3 (RuTPU)RU\TPU\pers\25914
|4 727
|
| 801 |
|
1 |
|a RU
|b 63413507
|c 20100527
|
| 801 |
|
2 |
|a RU
|b 63413507
|c 20151005
|g RCR
|
| 942 |
|
|
|c BK
|